000 02047nam0a2200349 i 4500
001 RU\NLR\BIBL_A\011563332
005 20241103122636.0
010 _a9785929608551
_9500
021 _aRU
_b2017-92912
_96658
035 _a(RuMoRGB)009474565
035 _a(NLR Aleph) 011563332
090 _a12284443
_c12284443
100 _a20171220d2016 km y0rusy50 ca
101 0 _arus
102 _aRU
105 _aa|||z|||000zy
200 1 _aГендерные различия в эффективности психотропных и кардиотропных лекарственных средств
_eмонография
_fЭ. А. Манвелян, В. А. Батурин, Е. В. Колодийчук
_gМинистерство образования и науки Российской Федерации, Федеральное государственное автономное образовательное учреждение высшего образования "Северо-Кавказский федеральный университет"
210 _aСтаврополь
_cФГАОУ ВО "Северо-Кавказский федеральный университет"
_d2016
215 _a133 с.
_cил., табл.
_d20
320 _aБиблиогр.: с. 118-131 (148 назв.)
606 1 _aПсихотропные средства
_xВлияние на организм
_xРоль пола
_92589140
_3RU\NLR\AUTH\661530187
606 _aСердечно-сосудистые средства
_xВлияние на организм
_xРоль пола
_92378695
_3RU\NLR\AUTH\661419338
686 _aР281с13,0
_2rubbk
686 1 _aР281.70-2
686 1 _aР281.73-2
700 1 _aМанвелян
_bЭ. А.
_gЭлеонора Аслибековна
701 1 _aБатурин
_bВ. А.
_gВладимир Александрович
701 1 _aКолодийчук
_bЕ. В.
_gЕлена Владимировна
942 _cBOOK
980 _aNBR